00397nam a2200121 a 4500008004100000020001500041050001600056100002200072245009600094260005400190300002200244350000900266120416s1989 ||||||||||||||||| || u a0869806491 aHD 2321 Ind aWhiteside, Alan W10aIndustrialization and investment incentives in Southern Africacedited by Alan W. Whiteside aPietermaritzburgbUniversity of Natal Pressc1989 axvi, 244p. : ill. a0.00